Nommez une capitale européenne valide - Statistiques

Statistiques générales
  • Ce quiz a été pris 43 926 fois
  • Le résultat moyen est 11 sur 20
Statistiques - réponses
Nommez une capitale européenne... Capitales % Correct
...faisant partie du top 10 mondial des "Villes de la mode" Paris | Londres | Rome | Berlin | Madrid
100%
...dont la température moyenne est inférieure ou égale à 6°C Reykjavik | Oslo | Moscou | Helsinki | Tallinn | Vilnius
92%
...avec 4 lettres dans son nom Kiev | Oslo | Riga | Rome
86%
...d'un pays finissant par "lande" Dublin | Helsinki | Reykjavik
80%
...située à au moins 450 km de toute autre capitale Reykjavik | Moscou | Lisbonne | Andorre-la-Vieille | Madrid | Athènes | Dublin
72%
...située à au moins 400 km de la mer Moscou | Budapest | Kiev | Minsk
70%
...d'un pays faisant anciennement partie de la Yougoslavie Belgrade | Ljubljana | Podgorica | Pristina | Sarajevo | Skopje | Zagreb
65%
...d'un pays frontalier de la Grèce Skopje | Sofia | Tirana
63%
...à l'Ouest du méridien de Greenwich Reykjavik | Lisbonne | Dublin | Madrid | Londres
59%
...faisant partie de l'UE sans utiliser l'euro Bucarest | Budapest | Copenhague | Prague | Sofia | Stockholm | Varsovie
53%
...contenant la lettre K (sans commencer par K) Helsinki | Minsk | Reykjavik | Skopje | Stockholm
47%
...ayant accueilli les Jeux Olympiques d'Hiver Oslo | Sarajevo
46%
...devinée moins de 40% du temps sur "Capitales d'Europe - Quiz" Ljubljana | Bratislava | Vaduz | Skopje | Pristina | Chișinău | Podgorica
45%
...recevant moins de 50 cm de précipitations annuelles Athènes | Madrid | Skopje
35%
...traversée par le Danube Bratislava | Belgrade | Budapest | Vienne
32%
...commençant par la même lettre que son paystout en ayant un nom complètement distinct Bruxelles | Stockholm
32%
...étant l'une des deux villes les plus cyclables au monde Copenhague | Amsterdam
32%
...étant aussi l'une des trois capitales de l'Union européenne Bruxelles | Luxembourg
29%
...à plus de 500 m d'altitude Andorre-la-Vieille | Madrid | Sofia | Berne | Sarajevo
27%
...à moins de 500 km de la Mer Noire Chișinău | Bucarest | Kiev | Sofia
27%
Aucun quiz correspondant
Distribution des résultats
% des personnes avec chaque résultat
Percentile par nombre de réponses
Votre historique - résultats
Vous n’avez pas pris ce quiz